[Event "EU-chT Seniors 06th"]
[Site "Dresden"]
[Date "2004.02.24"]
[Round "3.1"]
[White "Boehnisch, Manfred"]
[Black "Kortschnoj, Viktor Lvovich"]
[Result "0-1"]
[WhiteElo "2377"]
[BlackElo "2569"]
[PlyCount "92"]
[EventDate "2004.02.22"]
[EventType "team-swiss"]
[EventRounds "7"]
[EventCountry "GER"]
[SourceTitle "CBM 099 Extra"]
[Source "ChessBase"]
[SourceDate "2004.05.04"]
[SourceVersion "1"]
[SourceVersionDate "2004.05.04"]
[SourceQuality "1"]
[WhiteTeam "Leipzig SG"]
[BlackTeam "Switzerland"]
[WhiteTeamCountry "GER"]
[BlackTeamCountry "SUI"]

1. e4 c5 2. Nf3 e6 3. b3 Nc6 4. Bb2 Qc7 5. c4 a6 6. g3 d6 7. d4 e5 8. dxc5 dxc5
9. Nc3 Bg4 10. Nd5 Qd8 11. Bg2 Bd6 12. Qd2 Bxf3 13. Bxf3 Nge7 14. O-O O-O 15.
Bg2 Nd4 16. f4 Nec6 17. f5 f6 18. Kh1 b5 19. Qd3 Kh8 20. g4 bxc4 21. Qxc4 a5
22. Bf3 Qb8 23. Ba3 Nb4 24. Bd1 Nxd5 25. Qxd5 Rd8 26. Rc1 Bf8 27. Qc4 Qb7 28.
Re1 Nb5 29. Bb2 Nd6 30. Qe2 c4 31. Bc3 Nb5 32. bxc4 Nxc3 33. Rxc3 Bb4 34. Rb3
Qc6 35. Rg1 Rd2 36. Qf3 Rad8 37. g5 fxg5 38. a3 Bc5 39. Rf1 Qf6 40. Be2 a4 41.
Rd3 R8xd3 42. Bxd3 g4 43. Qg3 Qd6 44. Rb1 h5 45. Qh4 Kg8 46. Qxh5 Qxd3 0-1

[Event "EU-chT Seniors 06th"]
[Site "Dresden"]
[Date "2004.02.27"]
[Round "6.1"]
[White "Vasiukov, Evgeni"]
[Black "Kortschnoj, Viktor Lvovich"]
[Result "0-1"]
[WhiteElo "2528"]
[BlackElo "2569"]
[PlyCount "132"]
[EventDate "2004.02.22"]
[EventType "team-swiss"]
[EventRounds "7"]
[EventCountry "GER"]
[SourceTitle "CBM 099 Extra"]
[Source "ChessBase"]
[SourceDate "2004.05.04"]
[SourceVersion "1"]
[SourceVersionDate "2004.05.04"]
[SourceQuality "1"]
[WhiteTeam "Russia"]
[BlackTeam "Switzerland"]
[WhiteTeamCountry "RUS"]
[BlackTeamCountry "SUI"]

1. e4 c5 2. Nf3 e6 3. d4 cxd4 4. Nxd4 Nc6 5. Nc3 d6 6. g4 a6 7. Rg1 g6 8. Be3
h5 9. h3 hxg4 10. hxg4 Bd7 11. Qd2 Qc7 12. O-O-O Ne5 13. f4 Nc4 14. Bxc4 Qxc4
15. Kb1 b5 16. e5 d5 17. Qf2 Ne7 18. Nce2 a5 19. Rh1 Rg8 20. Ng1 b4 21. Ngf3 a4
22. b3 Qa6 23. Rh2 Bb5 24. Qd2 Nc6 25. Nxc6 Bxc6 26. Nd4 Bd7 27. Bf2 Bb5 28.
Be3 Bd7 29. Nf3 Bb5 30. Bd4 Be7 31. Ng5 Rf8 32. Qe3 Kd7 33. Rf2 axb3 34. cxb3
Rac8 35. Rfd2 Rc6 36. Nh7 Rfc8 37. Nf6+ Bxf6 38. exf6 Ra8 39. Rf2 Qa3 40. Qd2
Rac8 41. Bb2 Qa5 42. Re1 Kc7 43. f5 gxf5 44. gxf5 Kb7 45. Qh6 Ra6 46. Be5 Bd7
47. Qh5 Be8 48. Bd4 Qa3 49. Qf3 Bd7 50. Rd1 Ka8 51. Qh5 Bb5 52. Qf3 Bd7 53. Qh5
Bb5 54. Qh3 Bd7 55. Qh7 e5 56. Bxe5 d4 57. Bxd4 Ra5 58. Qh1+ Bc6 59. Qh4 Bd5
60. Bb6 Bxb3 61. Bxa5 Bxa2+ 62. Rxa2 Qb3+ 63. Rb2 Qxd1+ 64. Ka2 Qd5+ 65. Rb3
Rc2+ 66. Ka1 Qxa5+ 0-1

[Event "EU-chT Seniors 06th"]
[Site "Dresden"]
[Date "2004.02.28"]
[Round "7.1"]
[White "Kortschnoj, Viktor Lvovich"]
[Black "Rotstein, Jefim"]
[Result "1-0"]
[WhiteElo "2569"]
[BlackElo "2361"]
[PlyCount "91"]
[EventDate "2004.02.22"]
[EventType "team-swiss"]
[EventRounds "7"]
[EventCountry "GER"]
[SourceTitle "CBM 099 Extra"]
[Source "ChessBase"]
[SourceDate "2004.05.04"]
[SourceVersion "1"]
[SourceVersionDate "2004.05.04"]
[SourceQuality "1"]
[WhiteTeam "Switzerland"]
[BlackTeam "Koeln Phoenix"]
[WhiteTeamCountry "SUI"]
[BlackTeamCountry "GER"]

1. d4 Nf6 2. c4 c5 3. d5 e5 4. Nc3 d6 5. e4 g6 6. Be2 Bg7 7. Bg5 a6 8. a4 h6 9.
Be3 O-O 10. Qd2 Kh7 11. h3 Nbd7 12. g4 Rb8 13. Nf3 Ne8 14. Bd3 Ndf6 15. Kd1 Rh8
16. Kc2 Bd7 17. g5 hxg5 18. Bxg5 Qc7 19. Be2 Nh5 20. Be3 Kg8 21. Ng5 Nef6 22.
Rag1 Be8 23. Ra1 Qe7 24. Rhg1 Bd7 25. a5 Qd8 26. Na4 Nf4 27. Bxf4 exf4 28. Nb6
Be8 29. Qxf4 Nh5 30. Bxh5 Rxh5 31. Qg3 Qf6 32. Rab1 Rd8 33. f4 Bd7 34. h4 Bc8
35. Kb3 Re8 36. Ka2 Qe7 37. Rbe1 Bd4 38. Rgf1 Kg7 39. e5 Rhh8 40. f5 Bxe5 41.
f6+ Kg8 42. fxe7 Bxg3 43. Nxc8 Kg7 44. Rxf7+ Kh6 45. Re6 Bxh4 46. Nxd6 1-0

[Event "SUI-chT"]
[Site "Switzerland"]
[Date "2004.05.02"]
[Round "4.1"]
[White "Kortschnoj, Viktor Lvovich"]
[Black "Hickl, Joerg"]
[Result "1-0"]
[WhiteElo "2469"]
[BlackElo "2454"]
[PlyCount "80"]
[EventDate "2004.02.29"]
[EventType "team-tourn"]
[EventRounds "9"]
[EventCountry "SUI"]
[SourceTitle "EXT 2005"]
[Source "ChessBase"]
[SourceDate "2004.11.15"]
[SourceVersion "1"]
[SourceVersionDate "2004.11.15"]
[SourceQuality "1"]
[WhiteTeam "Zuerich"]
[BlackTeam "Riehen"]
[WhiteTeamCountry "SUI"]
[BlackTeamCountry "SUI"]

1. d4 d6 2. Nf3 Nf6 3. g3 Nbd7 4. c4 e5 5. Nc3 c6 6. Qc2 exd4 7. Nxd4 Nb6 8. e4
Be7 9. Bf4 O-O 10. O-O-O Bd7 11. c5 dxc5 12. Nf5 Re8 13. Nxe7+ Qxe7 14. Bd6 Qe6
15. Bxc5 Rad8 16. f3 Bc8 17. Be2 Qe5 18. Be3 Be6 19. Rxd8 Rxd8 20. Rd1 Qc7 21.
g4 Rxd1+ 22. Qxd1 Nfd7 23. f4 f6 24. h4 h6 25. b3 Bf7 26. Qd2 Nf8 27. f5 Nbd7
28. g5 hxg5 29. hxg5 fxg5 30. Bxg5 b5 31. Be7 Qg3 32. Kc2 a5 33. Bd6 Qh4 34. e5
b4 35. e6 Nxe6 36. fxe6 Bg6+ 37. Kb2 bxc3+ 38. Qxc3 Nf6 39. Bc4 Nd5 40. e7 Kh7
1-0

[Event "SUI-chT"]
[Site "Switzerland"]
[Date "2004.09.04"]
[Round "6.1"]
[White "Kortschnoj, Viktor Lvovich"]
[Black "Prusikin, Michael"]
[Result "1-0"]
[WhiteElo "2598"]
[BlackElo "2493"]
[PlyCount "67"]
[EventDate "2004.02.29"]
[EventType "team-tourn"]
[EventRounds "9"]
[EventCountry "SUI"]
[SourceTitle "EXT 2005"]
[Source "ChessBase"]
[SourceDate "2004.11.15"]
[SourceVersion "1"]
[SourceVersionDate "2004.11.15"]
[SourceQuality "1"]
[WhiteTeam "Zuerich"]
[BlackTeam "Wollishofen"]
[WhiteTeamCountry "SUI"]
[BlackTeamCountry "SUI"]

1. d4 Nf6 2. c4 c5 3. Nf3 cxd4 4. Nxd4 e6 5. Nc3 a6 6. Bg5 Be7 7. e3 O-O 8. Be2
d6 9. O-O b6 10. a4 Bb7 11. a5 bxa5 12. Qa4 Nbd7 13. Qxa5 Qxa5 14. Rxa5 Rfc8
15. Raa1 Rab8 16. Rfc1 d5 17. cxd5 Nxd5 18. Bxe7 Nxe7 19. Rd1 Ne5 20. Ra4 g6
21. h3 Rc7 22. Rd2 Nd7 23. Ra3 Ne5 24. Rb3 Ra8 25. Kh2 h5 26. Na4 Bd5 27. Nb6
Raa7 28. Nxd5 Nxd5 29. g3 Kg7 30. Kg2 Kf6 31. e4 Ne7 32. Ra3 Nc4 33. Bxc4 Rxc4
34. Nb5 1-0

[Event "SUI-chT"]
[Site "Switzerland"]
[Date "2004.09.05"]
[Round "7.1"]
[White "Adler, Joel Arturo Manuel"]
[Black "Kortschnoj, Viktor Lvovich"]
[Result "0-1"]
[WhiteElo "2339"]
[BlackElo "2569"]
[PlyCount "80"]
[EventDate "2004.02.29"]
[EventType "team-tourn"]
[EventRounds "9"]
[EventCountry "SUI"]
[SourceTitle "EXT 2005"]
[Source "ChessBase"]
[SourceDate "2004.11.15"]
[SourceVersion "1"]
[SourceVersionDate "2004.11.15"]
[SourceQuality "1"]
[WhiteTeam "Bern"]
[BlackTeam "Zuerich"]
[WhiteTeamCountry "SUI"]
[BlackTeamCountry "SUI"]

1. d4 Nf6 2. c4 e6 3. Nf3 d5 4. Nc3 Bb4 5. Bg5 h6 6. Bxf6 Qxf6 7. e3 O-O 8. Rc1
c6 9. Bd3 Nd7 10. O-O Rd8 11. Qb3 Qe7 12. e4 dxc4 13. Bxc4 Bd6 14. Rcd1 b5 15.
Be2 e5 16. d5 Nc5 17. Qc2 b4 18. Na4 Nxa4 19. Qxa4 cxd5 20. exd5 Bd7 21. Qb3
Rac8 22. Nd2 e4 23. Nc4 Bc5 24. Qg3 Bb5 25. b3 Bxc4 26. Bxc4 Rd6 27. Rde1 f5
28. Re2 Kh7 29. Kh1 Rf8 30. Qh3 Rg6 31. f3 Rgf6 32. g3 e3 33. f4 Kh8 34. Qh5
Qe4+ 35. Kg1 a5 36. h4 a4 37. Qf3 Qd4 38. Kh2 Bb6 39. Ree1 Rc8 40. Rd1 Qb2+ 0-1

[Event "Bad Woerishofen op 20th"]
[Site "Bad Woerishofen"]
[Date "2004.03.26"]
[Round "9"]
[White "Kortschnoj, Viktor Lvovich"]
[Black "Skembris, Spyridon"]
[Result "1-0"]
[WhiteElo "2569"]
[BlackElo "2442"]
[PlyCount "95"]
[EventDate "2004.03.18"]
[EventType "swiss"]
[EventRounds "9"]
[EventCountry "GER"]
[SourceTitle "CBM 099 Extra"]
[Source "ChessBase"]
[SourceDate "2004.05.04"]
[SourceVersion "1"]
[SourceVersionDate "2004.05.04"]
[SourceQuality "1"]

1. d4 d5 2. c4 e6 3. Nf3 Nf6 4. Nc3 Be7 5. Bf4 O-O 6. e3 c5 7. dxc5 Bxc5 8.
cxd5 Nxd5 9. Nxd5 exd5 10. Bd3 Bb4+ 11. Nd2 Nc6 12. O-O Qf6 13. a3 Bxd2 14.
Qxd2 Bf5 15. Bxf5 Qxf5 16. Rac1 Rad8 17. b4 h6 18. Rfd1 Rd7 19. Rc5 Rfd8 20. h3
a6 21. b5 axb5 22. Rxb5 Qe6 23. Qd3 d4 24. e4 Ra8 25. Bc1 Ra5 26. Rb6 Re5 27.
f3 f5 28. exf5 Rxf5 29. Bd2 Re5 30. Rbb1 Qf7 31. f4 Re8 32. Re1 Rde7 33. Rxe7
Rxe7 34. Kf1 g6 35. Rb5 Kh7 36. Kg1 Kg7 37. h4 Qe6 38. h5 Qg4 39. Qxg6+ Qxg6
40. hxg6 Re2 41. f5 Rxd2 42. Rxb7+ Kf8 43. f6 Rd1+ 44. Kf2 Rd2+ 45. Kg3 Rd3+
46. Kh4 Rc3 47. Rh7 Ke8 48. f7+ 1-0

[Event "Beersheba g/30'"]
[Site "Beersheba"]
[Date "2004.04.18"]
[Round "2"]
[White "Kortschnoj, Viktor Lvovich"]
[Black "Vydeslaver, Alik"]
[Result "1-0"]
[WhiteElo "2579"]
[BlackElo "2448"]
[PlyCount "83"]
[EventDate "2004.04.18"]
[EventType "tourn (rapid)"]
[EventRounds "11"]
[EventCountry "ISR"]
[EventCategory "12"]
[SourceTitle "CBM 101"]
[Source "ChessBase"]
[SourceDate "2004.07.27"]
[SourceVersion "1"]
[SourceVersionDate "2004.07.27"]
[SourceQuality "1"]

1. Nf3 Nf6 2. c4 c5 3. d4 cxd4 4. Nxd4 Nc6 5. g3 d5 6. Bg2 e6 7. cxd5 exd5 8.
Nc3 Be7 9. Be3 O-O 10. O-O Be6 11. Qa4 Qd7 12. Rfd1 Rfd8 13. Nb3 Ne5 14. Qxd7
Rxd7 15. Bd4 Nc4 16. Nd2 Nxb2 17. Rdb1 Nc4 18. Nxc4 dxc4 19. Rxb7 Rxb7 20. Bxb7
Rb8 21. Bg2 a5 22. Be5 Rc8 23. e4 Ng4 24. Bd4 Rd8 25. Nd5 Bxd5 26. exd5 Bf6 27.
Bxf6 Nxf6 28. Rc1 Rc8 29. Bh3 Rc5 30. d6 Rd5 31. Rxc4 h5 32. Rc8+ Kh7 33. Rc7
Kg6 34. d7 Ng4 35. Ra7 f6 36. a4 Rd1+ 37. Kg2 Rd2 38. Bxg4 hxg4 39. h3 gxh3+
40. Kxh3 f5 41. Ra6+ Kf7 42. Rxa5 1-0

[Event "Beersheba g/30'"]
[Site "Beersheba"]
[Date "2004.04.19"]
[Round "4"]
[White "Kortschnoj, Viktor Lvovich"]
[Black "Golod, Vitali"]
[Result "1-0"]
[WhiteElo "2579"]
[BlackElo "2552"]
[Annotator "Golod,V"]
[PlyCount "75"]
[EventDate "2004.04.18"]
[EventType "tourn (rapid)"]
[EventRounds "11"]
[EventCountry "ISR"]
[EventCategory "12"]
[SourceTitle "CBM 101"]
[Source "ChessBase"]
[SourceDate "2004.07.27"]
[SourceVersion "1"]
[SourceVersionDate "2004.07.27"]
[SourceQuality "1"]

1. d4 Nf6 2. c4 e6 3. Nc3 Bb4 4. e3 O-O 5. Nf3 d5 6. a3 Be7 {I purposely
decided to get away from the main opening lines,which started after:} (6...
Bxc3+ $5) 7. b4 Nbd7 $5 {I didn't want to move any of my pawns on the queen
side,therefore instead I decided to wait for my opponent's next move.} 8. c5 c6
{/\b6,a5} 9. Bd3 b6 ({Is a possible continuation of the play:} 9... Qc7 {
[%cal Ge6e5]} 10. Ne2 (10. Bb2 $5) 10... e5 11. dxe5 Nxe5 12. Nxe5 Qxe5 13. Ra2
Bg4 $11 {Galeno,G-Marino,G/Italy,1997(1-0)(31)}) 10. O-O $146 ({The game,which
have reached this position were continued as follows:} 10. Qc2 h6 $6 (10... a5
$142) 11. O-O Qc7 12. e4 $14 {Juntermanns,P-Luegger,M/Dortmund,1998(1/2-1/2)
(48)}) 10... a5 {Positions with similar pawns structure also occur in the
queens gambit.} 11. Bb2 Ba6 {/^a6-f1 I am exchanging the typical bad
white-squares bishop in these type of positions.} 12. Bxa6 Rxa6 {[#]} 13. b5 $5
{[%mdl 512] Very brave and risky decision.This is very typical for the
agressive style of Victor Kortschnoj.On the other hand, it is not too clear
how White can receive an advantage.} cxb5 $140 14. c6 Nb8 15. Ne5 $44 b4 $5 (
15... Ne8 $5 {/\f6(קc6)}) 16. Nb5 Ne8 {[%csl Rc6,Ye5][%cal Gf7f6,Ye5c6] /\f6
(קc6)} 17. a4 $1 {White is blocking the queen side and is heading towards a
more tactical complication.} f6 $140 18. Rc1 Nc7 ({Perhaps it was worth it to
go to the following variation:} 18... fxe5 $5 19. c7 Qc8 (19... Nxc7 $2 20.
Nxc7 {[%csl Ra6,Re6]}) 20. cxb8=Q Qxb8 21. dxe5 Bc5 $132) 19. Nd3 Ra8 {/\Nba6
(><c7)} 20. Nf4 Nba6 {During the last two moves I have significantly increased
the harmony between my pieces.} 21. e4 $5 {[%csl Re6] My opponent is bringing
new resources into this battle.} Bd6 {Nevertheless,it was possible to accept
the sacrifice of the second pawn:} (21... dxe4 $5 22. Qb3 Qc8 $13) 22. e5 fxe5
23. dxe5 Bc5 24. Qg4 Qe7 25. Nd6 {[%csl Gb2,Gg4,Rg7] The White knight on this
square is practically untouchable.} Nb8 26. Nd3 Nca6 {Equality could have been
reached by returning back with the knight:} (26... Nba6 $5 27. Nf4 $140 Nb8 $11
) (26... Nxc6 $6 27. Nxc5 bxc5 28. Rxc5 Ra6 29. Rfc1 {<->c |^}) 27. c7 Nd7 $5 (
27... Nxc7 $6 28. Nxc5 bxc5 29. Rxc5 $36) 28. c8=Q Raxc8 29. Nxc8 Rxc8 $13 {
I have a N+PP for the R, and now my goal is to prevent White from having an
active play on the queen side.} 30. Kh1 $1 {/\f4-f5} Rf8 31. f4 Nc7 32. f5 Rxf5
33. Rxf5 exf5 34. Qxf5 Ne6 {It seems that my goal has almost been reached,
however White has found the following strong move:} 35. Qf3 $1 {/^a8-h1} d4 36.
Rf1 Ndf8 37. Qd5 Qd7 $4 $138 {A very rare blunder for a player of such level.
My only defense is that I only had 3 minutes left on my clock. If not for this
blunder, the position was pretty much equal:} (37... Kh8 $13) {[%tqu "En",
"Find the killer move!","","","f1f8","",10]} 38. Rxf8+ $1 {[%csl Rd7,Rg8][%cal
Gd5d7]} 1-0

[Event "Beersheba g/30'"]
[Site "Beersheba"]
[Date "2004.04.19"]
[Round "5"]
[White "Dvoirys, Semen I"]
[Black "Kortschnoj, Viktor Lvovich"]
[Result "0-1"]
[WhiteElo "2612"]
[BlackElo "2579"]
[Annotator "Psakhis,L"]
[PlyCount "84"]
[EventDate "2004.04.18"]
[EventType "tourn (rapid)"]
[EventRounds "11"]
[EventCountry "ISR"]
[EventCategory "12"]
[SourceTitle "CBM 101"]
[Source "ChessBase"]
[SourceDate "2004.07.27"]
[SourceVersion "1"]
[SourceVersionDate "2004.07.27"]
[SourceQuality "1"]

1. e4 e6 2. d4 d5 3. e5 c5 4. c3 Qb6 5. Nf3 Nc6 6. a3 Nh6 (6... a5 $5) (6... c4
$5) 7. Bd3 (7. b4 cxd4 8. cxd4 Nf5 9. Bb2 Bd7 10. g4 Nh6 11. h3 Be7 12. Bd3 $5
Rc8 13. Nbd2 Nb8 14. Qe2 a6 15. Nb1 Nc6 16. O-O O-O 17. Nc3 Nxd4 18. Nxd4 Qxd4
19. Ne4 $40 {[%cal Ge4f6] 1-0 Timman,J-Hansen,C/Malmo Sigeman & Co 2003/CBM 95
(41)}) 7... Bd7 8. Bc2 a5 9. O-O Be7 (9... Rc8 10. dxc5 Bxc5 11. Bxh6 (11. b4
Bxf2+ $5 12. Rxf2 Ng4 13. Qd2 axb4 14. axb4 Qxf2+ 15. Qxf2 Nxf2 16. Kxf2 Nxb4
$13) 11... gxh6 12. b4 Bf8 13. Re1 Bg7 14. Ra2 Ne7 15. bxa5 Qxa5 16. Rb2 Qc7
17. h4 Nc6 18. Qe2 $14 {1-0 Grosar,A-Ganaus,H/AUT t-ch 0203 2002 (45)}) 10. b3
(10. Re1 Nf5 (10... cxd4 $5 11. cxd4 Nf5 12. Bxf5 exf5 13. Nc3 Be6 $13) 11.
Bxf5 exf5 12. c4 Be6 13. Nc3 Rd8 14. cxd5 Bxd5 15. Nxd5 (15. dxc5 $5 Qxc5 16.
Be3 Qc4 17. Nd2 $14) 15... Rxd5 16. dxc5 Rxd1 17. cxb6 Rxe1+ 18. Nxe1 Bc5 (
18... Nxe5 $5 19. Bd2 Nc4 20. Bc3) 19. Nf3 Bxb6 20. Bf4 h6 $11 {0-1 Sirotine,
K-Gutkis,V/RUS-sf Krasnodar 2002 (28)}) (10. Ra2 cxd4 11. cxd4 Nf5 12. Be3 Nxe3
13. fxe3 f5 14. exf6 Bxf6 15. Nc3 O-O 16. h4 (16. Na4 $5) 16... Ne7 17. Ra1
Rad8 18. Qe2 g6 19. Bd3 Qd6 $11 {1-0 Averjanov,A-Semenenko,A/UKR-ch Alushta
2002 (38)}) 10... cxd4 $1 $146 (10... f5 $2 11. exf6 Bxf6 12. Bxh6 gxh6 13. Ne5
Nxe5 14. dxe5 Bg7 15. Qg4 Bf8 16. Qh5+ Kd8 17. c4 d4 18. Nd2 $16 {1/2-1/2
Markgraf,A-Schenk,A/GER-chJM Pinneberg 1996 (32)}) 11. cxd4 ({It is not easy
to assess positions arising after} 11. Bxh6 gxh6 12. cxd4 Rc8 {[%cal Gf7f6]})
11... Nf5 12. Bxf5 (12. Bb2 Rc8 $11) 12... exf5 13. Nc3 Be6 14. Ne2 {[%cal
Gc1g5]} (14. Na4 $5 {[%cal Gc1e3]}) 14... h6 $1 15. h4 g6 $5 (15... O-O 16. Qd3
Rfc8 17. Ng3 {[%csl Rf5]}) 16. g3 Qd8 $5 {[%cal Gg6g5]} (16... Rc8 $5 {[%cal
Gc6a7,Ga7b5]}) 17. Kg2 (17. Qd2 Rc8) 17... g5 $1 {Black achieved everything he
wanted from the opening and all his pieces have occupied ideal positions in
this variation and Kortchnoi start to play actively on the king side..} 18.
hxg5 (18. Rh1 Rg8) 18... hxg5 19. Rh1 Rg8 $1 {The fight has taken a favourable
turn for Black.} 20. Qd3 Kd7 (20... Rc8 $5 $36 {[%cal Gd8d7]}) 21. Bd2 (21. Qb5
$5 Kc8 22. Bd2 $132) 21... Qb6 $1 22. Kf1 f4 (22... Rh8 $5 23. Rxh8 Rxh8 24.
Kg2 g4 25. Ng5 Rh5 $5 $15) (22... g4 $5 23. Nh4 Qa6 $1 {[%csl Ga6]}) 23. gxf4
gxf4 24. Rh5 (24. Nxf4 $5 Rg7 $5 $44 {[%cal Ga8g8]}) 24... Qa6 $5 (24... Bg4 $5
25. Rh2 Qa6 $1) 25. Qxa6 bxa6 {[%cal Ga8b8]} (25... Rxa6 $5 26. Rh7 Bg4 27.
Neg1 Rb6 $15) 26. Rh7 Rab8 27. b4 $6 ({The lesser evil for White was} 27. Nxf4
$5 Rxb3 28. Nxe6 fxe6 (28... Kxe6 29. Rc1 $5) 29. Be3 a4 $13) 27... Bg4 $1 {
[%csl Rb4,Rd4] Now there is no doubt of Black's advantage - all his pieces
stand better, while White does not have any compensation for his pawn
weaknesses.} 28. Neg1 (28. Nfg1 f3) 28... Bf5 $1 29. Rxf7 Ke6 30. Rxe7+ (30.
Rxf5 Kxf5 31. Rc1 Rgc8 $19) 30... Kxe7 31. Ke2 (31. Rc1 Bd3+) 31... Bg4 $1 $19
{Black has great advantage and rest is simple.} 32. Kf1 axb4 33. axb4 Nxb4 34.
Bxf4 (34. Ra4 Nc2 35. Rxa6 Rb1+ 36. Be1 Rc8 $19) 34... Nc2 35. Rc1 Rb2 {
[%csl Ga6][%cal Ra6a1]} 36. Bg5+ Ke6 (36... Kd7 $5) 37. Bd2 Rf8 (37... Bf5 {
[%cal Rf5d3]} 38. Ng5+ Kd7 $19) 38. Ng5+ Kf5 39. f3 Nxd4 $5 (39... Kg6 $5 {
[%cal Gc2d4]}) 40. fxg4+ (40. Nh7 $8 Rfb8 41. fxg4+ (41. Bc3 Nxf3 42. Bxb2 Rxb2
$19) 41... Kg6 42. Bc3 Rb1 $19) 40... Kxg4+ 41. Ke1 Rxd2 $1 42. Nh7 (42. Kxd2
Nb3+ 43. Kd1 Nxc1) 42... Rg2 0-1